Nanostructures & nanomaterials : (Record no. 511)

MARC details
000 -LEADER
fixed length control field 00748nam a22002417a 4500
005 - DATE AND TIME OF LATEST TRANSACTION
control field 20250420134813.0
008 - FIXED-LENGTH DATA ELEMENTS--GENERAL INFORMATION
fixed length control field 200728b ||||| |||| 00| 0 eng d
020 ## - INTERNATIONAL STANDARD BOOK NUMBER
International Standard Book Number 9789814324557
040 ## - CATALOGING SOURCE
Transcribing agency KCST
082 ## - DEWEY DECIMAL CLASSIFICATION NUMBER
Classification number 620.5
Item number Ca Na
100 ## - MAIN ENTRY--PERSONAL NAME
Personal name Cao, Guozhong
9 (RLIN) 4763
245 ## - TITLE STATEMENT
Title Nanostructures & nanomaterials :
Remainder of title synthesis, properties & applications /
Statement of responsibility, etc. Guozhong Cao, Ying Wang.
250 ## - EDITION STATEMENT
Edition statement 2nd edition
260 ## - PUBLICATION, DISTRIBUTION, ETC.
Place of publication, distribution, etc. London :
Name of publisher, distributor, etc. World Scientific,
Date of publication, distribution, etc. 2011.
300 ## - PHYSICAL DESCRIPTION
Extent 581 p.
440 ## - SERIES STATEMENT/ADDED ENTRY--TITLE
Title World Scientific series in nanoscience and nanotechnology
Number of part/section of a work 2.
9 (RLIN) 4764
650 ## - SUBJECT ADDED ENTRY--TOPICAL TERM
Topical term or geographic name entry element Nanostructures.
9 (RLIN) 1617
650 ## - SUBJECT ADDED ENTRY--TOPICAL TERM
Topical term or geographic name entry element Nanostructured materials.
9 (RLIN) 4765
650 ## - SUBJECT ADDED ENTRY--TOPICAL TERM
Topical term or geographic name entry element Nanotechnology.
9 (RLIN) 1122
700 ## - ADDED ENTRY--PERSONAL NAME
Personal name Wang, Ying
9 (RLIN) 4766
942 ## - ADDED ENTRY ELEMENTS (KOHA)
Koha item type Book
942 ## - ADDED ENTRY ELEMENTS (KOHA)
Source of classification or shelving scheme Dewey Decimal Classification
Holdings
Withdrawn status Lost status Source of classification or shelving scheme Damaged status Not for loan Home library Current library Date acquired Cost, normal purchase price Total checkouts Full call number Barcode Date last seen Price effective from Koha item type
    Dewey Decimal Classification     KCST Library KCST Library 28/07/2020 29.59   620.5 Ca Na 1000000674 28/07/2020 28/07/2020 Book
© 2025 KCST. All rights reserved